1348 1789 1379 1393 1131 1137 1119 1963 1100 1977 1927 1886 1771 1389 1609 1103 1520 1008 1686 1499 1271 1630 1803 1950 1511 1314 1451 1014 1541 1380 1019 1105 1375 1438 1515 1879 1573 1175 1100 1278 1051 1049 1792 1724 1467 1481 1588 1025 1700 1023 1400 2000 1410 1349 1300 1123 1219 1855 1236 1342 1683 1189 1410 1233 1678 1325 1158 1051 1500 1080 1027 1152 1376 1256 1587 1315 1423 1541 1720 1945 1030 1475 1594 1758 1928 1895 1041 1201 1054 1028 1056 1911 1849 1313 1225 1966 1527 1443 1968 BCNSPRNW ULIB Ver.6.0+V

เปลี่ยนเป็นภาษาไทย

Change to English
 แสดงรายละเอียดบรรณานุกรม
  กลับหน้าหลัก

Brief Record : Get Marc (ISO 2709) : E-mail record : QR code < ปิดหน้าต่าง
LEADER : 00000nam 2200000uu 4500
001    13399120419
003     ULIB
008    120920s2549||||th 000 0 tha d
020    ^a9742990964
060 04 ^aWB115^bอ260น 2549
245 00 ^aแนวปฏิบัติบริการสาธารณสุข :^bสำหรับการรักษาผู้ป่วยทั่วไป =Quick reference guide /^cอภิรักษ์ ปาลวัฒน์วิไชย บรรณาธิการ
246 31 ^aQuick reference guide
250    ^aพิมพ์ครั้งที่ 1
260    ^a[นนทบุรี] :^bสำนักงานโครงการพัฒนาแนวทางการบริการสาธารณสุข,^c2549
300    ^a268 หน้า :^bภาพประกอบ ;^c30 ซม.
650  7 ^aการประกอบโรคศิลป์
650  7 ^aบริการสาธารณสุข^xมาตรฐาน
650  7 ^aผู้ป่วย^xการดูแล^xมาตรฐาน
650  7 ^aโรค^xการรักษา^xมาตรฐาน
650  7 ^aเวชศาสตร์ชุมชน
700 0  ^aอภิรักษ์ ปาลวัฒน์วิไชย,^eบรรณาธิการ
710 2  ^aสำนักงานโครงการพัฒนาแนวทางการบริการสาธารณสุข
945    ^p0^l0^i24756
995    ^aกัณชพร
999 ^a ใช้งานได้ทุกระบบ
รายการนี้ยังไม่มีแท็ก
คุณยังไม่ได้ล็อกอิน คุณสามารถมีกิจกรรมร่วมกับเว็บไซต์ได้ แต่ต้องล็อกอินก่อน ::
  ล็อกอิน

รายการสื่อสารสนเทศ

ลำดับที่ ประเภท เลขเรียก/บาร์โค้ด สถานที่ สถานะ
1. วิทยาศาสตร์การแพทย์ และสุขภาพ
วิทยาศาสตร์การแพทย์ และสุขภาพ
WB115 อ260น 2549  
  Barcode: 24756
ห้องสมุดวิทยาเขตสวรรค์ประชารักษ์
►หนังสือทั่วไป
บนชั้น

รายการใกล้เคียง
    หัวเรื่อง [การประกอบโรคศิลป์]
    หัวเรื่อง [เวชศาสตร์ชุมชน]

BibComment


ยังไม่เคยถูกคอมเมนท์

คอมเมนท์ทรัพยากรรายการนี้
  คอมเมนท์: แนวปฏิบัติบริการ..


 Copyright 2026. Bcnsprnw @Library